00491 a2200181 450000100060000002000150000604000240002110000230004524000280006824500230009630000070011936200090012644000150013565000310015094200070018195201040018899900170029269494 a8528103528 cAnchieta - Itaigara aMachado, Ana Maria10aBisa Bia, Bisa Bellpor10aBisa Bia, Bisa Bel a640 a2000 1aSalamandra 4aLiteratura infanto-juvenil cBK 00104070a88.1b88.1d2023-11-21l0o028.5 MAC BISp1860/ITAr2023-11-21 20:04:04w2023-11-21yBK c69494d69494